000 00413cam a2200145 4500500
005 20251012032456.0
041 _afre
042 _adc
100 1 0 _aBaladier, Charles
_eauthor
245 0 0 _aPages de fin
260 _c2000.
500 _a50
786 0 _nSigila | 6 | 2 | 2000-12-20 | p. 232-241 | 1286-1715
856 4 1 _uhttps://shs.cairn.info/revue-sigila-2000-2-page-232?lang=fr&redirect-ssocas=7080
999 _c1547383
_d1547383